The toy breaker (Record no. 373181)
[ view plain ]
| 000 -LEADER | |
|---|---|
| fixed length control field | 00279nam a2200097Ia 4500 |
| 082 ## - DEWEY DECIMAL CLASSIFICATION NUMBER | |
| Classification number | LP EF CHES |
| 008 - FIXED-LENGTH DATA ELEMENTS--GENERAL INFORMATION | |
| fixed length control field | 210817s9999 xx 000 0 und d |
| 100 ## - MAIN ENTRY--PERSONAL NAME | |
| Personal name | Chester, R. , 1936- Leicester, 2009 1st large print ed |
| 9 (RLIN) | 86383 |
| 245 #0 - TITLE STATEMENT | |
| Title | The toy breaker |
| 942 ## - ADDED ENTRY ELEMENTS | |
| item type | Books |
No items available.